Stati per Reddito mediano - Statistics

Statistiche generali
  • Questo quiz è stato fatto 10 volte
  • Il punteggio medio è 8 su 10
Statistiche sulle risposte
Reddito mediano ($) Continente Nazione % Corretto
52 625 America del Nord Stati Uniti
100%
35 518 Oceania Australia
90%
38 582 America del Nord Canada
90%
41 621 Europa Norvegia
90%
35 123 Europa Belgio
80%
35 891 Europa Paesi Bassi
80%
39 264 Europa Svizzera
80%
36 992 Europa Austria
70%
34 316 Europa Islanda
70%
47 568 Europa Lussemburgo
70%
Nessun quiz corrispondente trovato
Distribuzione punteggi
Percentuale di utenti per punteggio
Percentile per numero di risposta
I tuoi punteggi nel tempo
Non hai fatto questo quiz